[Event "Teresina-ch sf 2a"]
[Site "Teresina"]
[Date "2024.05.25"]
[Round "2"]
[White "Alves, Brayon Nery De Cast"]
[Black "Sousa, Gerson Tajra"]
[Result "0-1"]
[WhiteElo "1792"]
[BlackElo "1739"]
[PlyCount "94"]
[EventDate "2024.05.24"]
[EventType "swiss"]
[EventRounds "5"]
[EventCountry "BRA"]
[SourceTitle "CB22_2024"]
[SourceDate "2024.05.29"]
[SourceVersion "1"]
[SourceVersionDate "2024.05.29"]
[SourceQuality "1"]

1. e4 e5 2. Nf3 Nc6 3. Bb5 Nf6 4. 0-0 Bc5 5. c3 0-0 6. d4 exd4 7. cxd4 Be7 8. e5 Ne8 9. d5 Nb8 10. Re1 a6 11. Bd3 b5 12. Nc3 d6 13. Be4 f5 14. exf6 Nxf6 15. Bc2 Bg4 16. Qd3 Bxf3 17. Qxf3 Nbd7 18. Bf5 Ne5 19. Qh3 h6 20. Bf4 Nf7 21. Be6 Kh7 22. Ne2 Ng8 23. Nd4 Ng5 24. Bxg5 Bxg5 25. Bf5+ g6 26. Ne6 Qf6 27. Nxf8+ Rxf8 28. Be6 Qxf2+ 29. Kh1 Qxb2 30. Bc8 Bf6 31. Bxa6 Rf7 32. Qb3 Qxb3 33. axb3 Bxa1 34. Rxa1 Rf5 35. Bxb5 Rxd5 36. Bc4 Rc5 37. Rd1 Nf6 38. Kg1 Kg7 39. Kf2 Nd7 40. g4 Ne5 41. Be2 Kf6 42. h3 g5 43. b4 Rc2 44. Ke3 Rc3+ 45. Kd4 Rxh3 46. Kd5 Re3 47. Ba6 Nxg4 0-1